000 00600nam a22001937a 4500
999 _c1942
_d1942
003 AR-CdUCM
008 190228b ||||| |||| 00| 0 spa d
040 _aMUNICIPALIDAD PROVINCIAL DEL CUSCO
_cBIBLIOTECA MUNICIPAL DEL CUSCO
082 _a869.56 /
_bM36
_22 ed.
100 _aMedina Zevallos, Oscar
_97100
245 _aEl enigma de MachuPicchu :
_b500 años después /
260 _aCusco :
_bMilenium,
_c1996.
300 _a240 páginas ;
_c20 cm.
650 _aNovela hitórica
_97101
650 _aCusco
_9772
650 _aCultura Inka
_97102
942 _2ddc
_cLIBROS
945 _araen
_d2019-02-28